000 00705nam a2200253Ia 4500
003 OSt
005 20220924141516.0
006 a|||||r|||| 00| 0
007 ta
008 220923b |||||||| |||| 00| 0 ben d
024 _a298508
037 _cTextual
040 _aARTS
_cARTS
_bben
041 _2ben
_aben
082 _aO168,3N12,4, 157M6
100 _aChander Krishan
_9184265
245 0 _aChan danhar
260 _c1986
650 _aURDU LITERATURE
700 _a Bhattacharya Utpal Tr.
_9212241
700 _a Ghosh Atin Tr.
_9212242
942 _hO168,3N12,4, 157M6
_cTEXL
_2CC
999 _c447506
_d447506